000 00787nam a22002057a 4500
003 JO-AjAnu
005 20240326092500.0
008 240325b jo ||||| |||| 00| 0 ara d
020 _a9789957290474
040 _aJO-AjAnu
_cJO-AjAnu
041 0 _aara
100 1 _aزيدان، رمضان اسماعيل
_eمؤلف
_965139
245 1 0 _aبساط الضاد من شواطىء النيل الى رمال القصيم /
_cتأليف رمضان اسماعيل زيدان
250 _aالطبعة الاولى
260 _aعمان :
_bدار العلوم للنشر والتوزيع،
_c2019
300 _a532 صفحة
500 _aيحتوي على فهرس
650 4 0 _aالادب العربي - الشعر العربي - العصر الحديث
_965140
942 _2lcc
_cBK
_n0
999 _c33354
_d33354